Vent'anni dopo

Gespeichert in:
Bibliographische Detailangaben
1. Verfasser: Dumas, Alexandre
Format: Buch
Sprache:Undetermined
Veröffentlicht: Milan, Italia BUR 2009
Schlagworte:
Tags: Tag hinzufügen
Keine Tags, Fügen Sie den ersten Tag hinzu!

MARC

LEADER 00000nam a2200000Ia 4500
008 170316s9999 xx 000 0 und d
040 |a cru BVZT 
090 |a 840 D-14v 
100 |a Dumas, Alexandre 
245 |a Vent'anni dopo 
260 |a Milan, Italia 
260 |b BUR 
260 |c 2009 
300 |a 854 páginas 
650 |a LITERATURA FRANCESA 
650 |a NOVELA 
650 |a EN IDIOMA ITALIANO 
999 |c 7638  |d 7638 
942 |c 15 D  |h 840 D-14v  |2 z